Niepowstrzymany - Gimpson (tekst) - Statystyki

Ogólne statystyki
  • Ten quiz został rozwiązany 29 razy
  • Średni wynik to 222 z 309
Statystyki odpowiedzi
Odpowiedź % Poprawnych
bo
100%
Bo
100%
damy
100%
jest
100%
jestem
100%
Jestem
100%
nie
100%
niepowstrzymany
100%
plamy
100%
plan
100%
w
100%
W
100%
Wiesz
100%
wiesz
100%
wy
100%
z
100%
że
100%
a
93%
A
93%
jak
93%
Jak
93%
na
93%
No
93%
Pieprzę
93%
plany
93%
po
93%
przegrane
93%
dalej
87%
I
87%
i
87%
nogach
87%
padł
87%
patrz
87%
stoję
87%
tak!
87%
tak?
87%
tak
87%
Ty
87%
co
80%
co?
80%
Cześć
80%
Ha!
80%
mam
80%
o
80%
O
80%
przyjacielu
80%
się
80%
Stonoga
80%
to
80%
was
80%
wasz
80%
Zbigniew
80%
gołota
73%
Leci
73%
padasz
73%
punch
73%
Szczam
73%
Teraz
73%
Znowu
73%
chcę
67%
dla
67%
Do
67%
do
67%
krucjata
67%
Masz
67%
Mogę
67%
Owszem
67%
przykre
67%
robić
67%
sobie
67%
Sprawdź!
67%
stąd
67%
wyjdę
67%
Życie
67%
życie
67%
boisz
60%
chyba
60%
dość
60%
już
60%
Kończę
60%
mi
60%
patrzenia
60%
pogan
60%
powoli
60%
Proste
60%
tunelu
60%
woli
60%
wolisz
60%
za
60%
cichu
53%
gdy
53%
Gdzie
53%
grasz
53%
mały
53%
oczy
53%
owce
53%
słyszę
53%
stać
53%
Złość
53%
choć
47%
kolejne
47%
Powiedz
47%
troszkę
47%
tyle
47%
walisz
47%
Wycie
47%
zachowujecie
47%
By
40%
by
40%
grosz
40%
koksem
40%
lecz
40%
Moich
40%
myślenia
40%
Przytnę
40%
tylko
40%
tym
40%
wychylić
40%
Brać
33%
cała
33%
Cię
33%
czas
33%
czeka
33%
forsę
33%
idzie
33%
jadem
33%
kawałkach
33%
lepszym
33%
marzy
33%
marzysz
33%
nawijam
33%
necie
33%
nich
33%
Plujesz
33%
porażka
33%
postęp
33%
psycholi
33%
równa
33%
tuby
33%
Twoich
33%
wiecznie
33%
wszędzie
33%
bycie
27%
kaszka
27%
kozaków
27%
krzyku
27%
kwicie
27%
mieć
27%
mleczkiem
27%
niechybnie
27%
niesmaku
27%
odstęp
27%
pięć
27%
płacze
27%
prawda
27%
przystoi
27%
rapgra
27%
weź
27%
Zaboli
27%
zachowaj
27%
zwykle
27%
chciały
20%
Hashtag
20%
lepsze
20%
Meroli
20%
podwoić
20%
Pośrednikom
20%
przyda
20%
transfer
20%
tych
20%
używam
20%
Boli
13%
hajs
13%
ich
13%
naboi
13%
OLiS
13%
schron
13%
wałkach
13%
wziąć
13%
łoisz
7%
żartów
0%
Nie znaleziono quizów pasujących do podanych kryteriów
Rozkład punktacji
Procent ludzi z każdym wynikiem
Percentyl według liczby udzielonych odpowiedzi
Twoja historia wyników
Nie rozwiązałeś tego quizu